01824 2200265 4500001002100000005001500021035002000036007000300056008004100059020002200100082001800122084002400140100003000164245007800194250001400272300004100286700002600327505105500353600001601408264003401424336003101458337003001489338002301519990001601542INLIS00000000000008320210204101147 a0010-0121000078ta210204 b 1 ind  a978-602-252-267-6 a200-207-015-0 a200-207-015-0 YUG r0 aYugha ErlanggaePengarang1 aRaul Yang Selamat Dari Perut Ikan Paus :bNabi Yunus AS /cYugha Erlangga aCetakan I ai, 54 Halaman :bAgama ;c28 x 21 cm0 aTim DivaroePengarang aYunus bin Matta diangkat Allah SWT sebagai nabi ketika berusia masih sangat muda yaitu 33 tahun. Yunus berasal dari Syam. Allah SWT memerintahkan Yunus untuk berdakwah bagi Kaum Ninawa. Kaum Ninawa bertempat tinggal di wilayah Irak sekarang ini. Ketika itu Kaum Ninawa masih menyembah berhala yang menjadi tradisi sejak zaman dahulu. Berhari-hari, berminggu-minggu, berbulan-bulan, hingga bertahun-tahun Nabi Yunus tak menyerah berdakwah. Penduduk Ninawa pun tetap bersikukuh dengan sikapnya. Mereka menolak ajaran Nabi Yunus. Akhirnya Nabi Yunus AS meninggalkan kaumnya, ia kini dalam perjalanan kapal di tengah laut. Terjadi badai, lalu untuk menyelamatkan para penumpang, Nabi Yunus AS bersedia untuk menceburkan dirinya ke dalam laut untuk memperingan kapal. Tidak lama, seekor ikan paus mendekati tubuhnya. Dalam sekejap, Nabi Yunus merasakan tubuhnya terhisap. Usahanya untuk melawan sia-sia belaka. Ia tak berdaya untuk menghindari dahsyatnya kekuatan ikan paus itu. Gelombang air yang besar membawanya ke dalam mulut ikan paus tersebut. 4aCerita Anak aYogyakarta :bErlangga,c2014 aTeks Bergambar2rdacontent aTanpa Perantara2rdamedia aVolume2rdacarrier a00000000383